FAO yearbook fishery statistics: 1992, Vol.75

Salvato in:
Dettagli Bibliografici
Autore principale: FAO
Natura: Libro
Lingua:Undetermined
Pubblicazione: Rome FAO 1992
Soggetti:
Tags: Aggiungi Tag
Nessun Tag, puoi essere il primo ad aggiungerne! !
Thư viện lưu trữ: Trung tâm Học liệu Trường Đại học Cần Thơ
LEADER 00563nam a2200181Ia 4500
001 CTU_4072
008 210402s9999 xx 000 0 und d
082 |a 639 
082 |b F218/V.75 
100 |a FAO 
245 0 |a FAO yearbook fishery statistics: 1992, Vol.75 
245 0 |c FAO 
260 |a Rome 
260 |b FAO 
260 |c 1992 
650 |a fisheries - catch effort,fisheries - fishing effort,fisheries - research,fisheries - statistics - 1992 
904 |i Nguyễn Quang Điền, 960530 
980 |a Trung tâm Học liệu Trường Đại học Cần Thơ